Statistiques concernant Culture Générale - Série 855

Cliquez ici pour prendre le quiz!

Statistiques générales

  • Ce quiz a été pris 116 fois
  • Le résultat moyen est 5 sur 10

Statistiques - réponses

QuestionRéponse% Correct
Il peut être un anneau de fer de chaque côté de la selle d'un cheval servant à soutenir les pieds du cavalier ou un des osselets de l'oreille interneetrier
88%
En France, la plus haute juridiction de l'ordre judiciaire est la Cour de...Cassation
85%
À quel instrument de musique associe-t-on le nom d'Isaac Stern ?violon
71%
Sifflement parasite dû au rapprochement d'un micro près d'un haut-parleurlarsen
59%
Quel nom désigne à la fois l'arbuste à baies noires, proche du groseillier, et le contraire d'un dos d'âne ?cassis
52%
Substantif dont l'origine est un sigle, mais qui se prononce comme un mot ordinaire (par exemple C.A.P.E.S. [kap∊s]acronyme
31%
Vallée unique érodée par un glacier avançant de la montagne à la mer qui a été envahie par la mer depuis la retraite de la glacefjord
28%
Pendant 5 ans, cette série télévisée a permis à Bruce Willis de devenir une starClair de lune
22%
Cette ville du Cher est reconnue dans le monde entier pour ses vins, son fromage de chèvre et sa vue extraordinaire sur le Val de LoireSancerre
18%
Le tenrec ou tanrec ou tangue est un animal de Madagascar qui ressemble à un ...hérisson
7%

Distribution des résultats

Percentile par nombre de réponses

% des personnes avec chaque résultat

Votre développement - résultats

Vous n’avez pas pris ce quiz